00470nam a22001337a 4500100002300000245006200023260002600085300000700111650002500118942000800143999001500151952009100166952007900257 aRanattunge,R.A.U.I aInvestigation of Volatile constitiuents of genus Plumeria aColombobIchemcc2011 a47 aindustrial chemistry cDES c3054d3054 0010708NFICaICbICcGENd2016-01-19l0pD0086r2016-01-19 00:00:00w2016-01-19yDIS 0010708NFICaICbICcGENd2016-01-19l0pD0100r2016-01-19 00:00:00yDIS